Statistics for 1930 Fifa World Cup

Click here to take the quiz!

General Stats

  • This quiz has been taken 216 times
  • The average score is 10 of 13

Answer Stats

HintAnswer% Correct
1.Uruguay
98%
6.Brazil
96%
2.Argentina
95%
7.France
88%
3.USA
88%
13.Mexico
82%
5.Chile
80%
10.Peru
74%
9.Paraguay
68%
4.Yugoslavia
68%
12.Bolivia
65%
11.Belgium
63%
8.Romania
51%

Score Distribution

Percentile by Number Answered

Percent of People with Each Score

Your Score History

You have not taken this quiz